[Event "Heraklio op-A 15th"]
[Site "Heraklion"]
[Date "2015.09.02"]
[Round "2"]
[White "Kadianis, Georgios"]
[Black "Petrakis, Emmanouel"]
[Result "1-0"]
[WhiteElo "1941"]
[BlackElo "1543"]
[PlyCount "83"]
[EventDate "2015.09.01"]
[EventType "swiss"]
[EventRounds "7"]
[EventCountry "GRE"]
[SourceTitle "EXT 2024"]
[Source "ChessBase"]
[SourceDate "2023.10.10"]
[SourceVersion "1"]
[SourceVersionDate "2023.10.10"]
[SourceQuality "1"]

1. e4 c6 2. d4 d5 3. f3 e5 4. dxe5 Bc5 5. Nc3 Qb6 6. Na4 Bf2+ 7. Ke2 Qd4 8. Qxd4 Bxd4 9. exd5 Bxe5 10. Bd2 Nf6 11. dxc6 Nxc6 12. Bc3 Bf5 13. Kf2 0-0-0 14. Bxe5 Nxe5 15. Re1 Rhe8 16. Be2 Kb8 17. Rd1 Bxc2 18. Rxd8+ Rxd8 19. Nc3 Nd3+ 20. Bxd3 Rxd3 21. Nge2 Rd7 22. Rc1 Bf5 23. Rd1 Rxd1 24. Nxd1 Nd5 25. Ne3 Nxe3 26. Kxe3 Kc7 27. Kd4 Kd6 28. g4 Bg6 29. Nc3 a6 30. h4 Bc2 31. a3 b6 32. f4 f6 33. Nd5 Bd1 34. Ne3 Bb3 35. Nf5+ Ke6 36. Nxg7+ Kf7 37. Nf5 Ke6 38. Ne3 Kd6 39. h5 b5 40. g5 Bf7 41. Nf5+ Kc6 42. g6 1-0